000 00339nam a2200145Ia 4500
008 191201s2008 xx 000 0 und d
082 _a005.7565
_bAND
100 _aANAHORY, Sam
245 0 _aData Warehousing in the Real World
250 _aImp
260 _aN.Delhi
_bPearson
_c2008
300 _a366
650 _aMCA
942 _2ddc
_cBK
999 _c3791
_d3791